00361nam a2200133Ia 4500008004000000082001700040100001600057245005300073250000500126260003700131300001400168650002800182700001700210210210b1983 xxu||||| |||| 00| 0 eng d a621.381 GOYM aGOYAL (N C) aMonograph on electronic design principles. Ed 2. a aDelhi.bKhanna publishers,c1983 axii,658,4 aElectronics Devices  aKHETAN (R K)